| 000 | 00937cam a2200301 a 4500 | ||
|---|---|---|---|
| 001 | 000003429 | ||
| 003 | DO-SdBNP | ||
| 005 | 20220808142551.0 | ||
| 007 | ta | ||
| 008 | 900301s1989 ck b 000 edspa c | ||
| 020 | _a9589043674 | ||
| 040 |
_aDO-SdBNP _bspa _cBNPHU |
||
| 082 | 4 |
_a861.4 _bC962p _222 |
|
| 100 | 1 |
_aCuberos de Valencia, Beatriz _910692 |
|
| 245 | 1 | 0 |
_aPorfirio Barba Jacob / _cBeatriz Cuberos de Valencia. |
| 260 |
_aBogotá : _bProcultura, _c1989. |
||
| 300 |
_a121 p. ; _c19 cm. |
||
| 490 | 1 |
_aClásicos colombianos _v8 |
|
| 500 | _aIncluye referencias bibliográficas (117-121). | ||
| 590 | _aInventariado, 2022 / DG | ||
| 600 | 1 | 4 |
_aBarba Jacob, Porfirio, _d1883-1942. _910694 |
| 650 | 4 |
_aEnsayo venezolano _910693 |
|
| 650 | 4 |
_aLiteratura venezolana _93816 |
|
| 650 | 4 |
_aAutores colombianos _xBiografías _ySiglo XX _910695 |
|
| 830 | 0 |
_aClásicos colombianos; _v8 _910583 |
|
| 910 | _aDG | ||
| 942 |
_2ddc _cLBS1 |
||
| 999 |
_c3259 _d3259 |
||